000 01207cam a22003254a 4500
001 14590775
003 OSt
005 20220107105209.0
008 061011s2008 nyua 001 0 eng
010 _a 2006936450
020 _a9780716768876
038 _aKhadija
040 _aDLC
_cDLC
_dDLC
050 0 0 _aQH430
_b.I62 2008
082 0 0 _a576.5
_222
_bGRI
100 _aGriffiths, Anthony J.F.
_987430
245 0 0 _aIntroduction to genetic analysis /
_cAnthony J.F. Griffiths ... [et al.].
250 _a9th ed.
260 _aNew York :
_bW.H. Freeman and Co.,
_cc2008.
300 _axxiii, 838 p. :
_bill. (some col.) ;
_c29 cm.
563 _aHB
650 0 _aGenetics.
_987431
700 1 _aGriffiths, Anthony J. F.
_987432
856 4 1 _3Table of contents only
_uhttp://www.loc.gov/catdir/toc/fy0713/2006936450.html
856 4 2 _3Contributor biographical information
_uhttp://www.loc.gov/catdir/enhancements/fy0917/2006936450-b.html
856 4 2 _3Publisher description
_uhttp://www.loc.gov/catdir/enhancements/fy0917/2006936450-d.html
906 _a7
_bcbc
_corignew
_d2
_eepcn
_f20
_gy-gencatlg
942 _2ddc
_cBK
999 _c33028
_d33028